Noms des polygones - Statistiques

Statistiques générales
  • Ce quiz a été pris 144 fois
  • Le résultat moyen est 11 sur 29
Statistiques - réponses
Hint Réponse % Correct
3 Triangle
96%
8 Octogone
87%
5 Pentagone
87%
6 Hexagone
82%
10 Décagone
75%
7 Heptagone
72%
4 Quadrilatère
69%
12 Dodécagone
56%
9 Ennéagone
32%
16 Hexadécagone
28%
13 Tridécagone
28%
19 Ennéadécagone
25%
17 Heptadécagone
25%
18 Octadécagone
25%
15 Pentadécagone
25%
11 Hendécagone
22%
20 Icosagone
19%
10000 Myriagone
19%
90 Ennéacontagone
18%
100 Hectogone
18%
70 Heptacontagone
18%
60 Hexacontagone
18%
80 Octacontagone
18%
50 Pentacontagone
18%
40 Tétracontagone
18%
14 Tétradécagone
18%
30 Triacontagone
18%
1000 Chiliogone
16%
53869 Pentamyriatriachiliooctahectohexacontaennéagone
12%
Aucun quiz correspondant
Distribution des résultats
% des personnes avec chaque résultat
Percentile par nombre de réponses
Votre historique - résultats
Vous n’avez pas pris ce quiz